| 000 | 00375pab a2200145 454500 | ||
|---|---|---|---|
| 008 | 180718b1956 xxu||||| |||| 00| 0 eng d | ||
| 100 | _aPrasad, Jagdish | ||
| 245 | _aNationalisation of road transport in Uttar Pradesh | ||
| 260 | _c1956 | ||
| 300 | _ap.329-338 | ||
| 362 | _aOct.-Dec. | ||
| 773 | _aIndian Journal of Public Administration | ||
| 908 | _aN | ||
| 909 | _a87923 | ||
| 999 |
_c87923 _d87923 |
||